000
00266nam a22001217a 4500
008
170821b xxu||||| |||| 00| 0 eng d
041
_a
eng
080
_a
51
100
_a
37
101
_a
MAT
245
_a
MATRICES LINEAR ALGEBRA
_c
SCHNERIDER.H
942
_2
udc
_c
BK
999
_c
24185
_d
24185